Most Radioactive Places In The World - Statistics

General Stats
  • This quiz has been taken 43 times
  • The average score is 2 of 7
Answer Stats
Country Place % Correct
Ukraine Chernobyl
100%
Japan Fukushima
64%
United Kingdom Sellafield
13%
Russia Mayak
5%
Kyrgyzstan Mailuu-Suu
3%
Russia Siberian Chemical Combine
3%
Kazakhstan The Polygon
3%
No matching quizzes found
Score Distribution
Percent of People with Each Score
Percentile by Number Answered
Your Score History
You have not taken this quiz